The teachings of confucianism

Sparad:
Bibliografiska uppgifter
Huvudupphovsman: Kyokai, Bukkyo Denko
Materialtyp: Bok
Språk:Undetermined
Publicerad: Tokyo Bukkyo Denko Kyokai 1958
Ämnen:
Taggar: Lägg till en tagg
Inga taggar, Lägg till första taggen!
Thư viện lưu trữ: Trung tâm Học liệu Trường Đại học Cần Thơ
LEADER 00515nam a2200181Ia 4500
001 CTU_107376
008 210402s9999 xx 000 0 und d
082 |a 181.112 
082 |b K99 
100 |a Kyokai, Bukkyo Denko 
245 4 |a The teachings of confucianism 
245 0 |c Bukkyo Denko Kyokai 
260 |a Tokyo 
260 |b Bukkyo Denko Kyokai 
260 |c 1958 
650 |a Confucius and confucianism,Philosophy, chinese 
904 |i Nguyên 
980 |a Trung tâm Học liệu Trường Đại học Cần Thơ